| 000 | 00586nam a2200229Ia 4500 | ||
|---|---|---|---|
| 003 | OSt | ||
| 005 | 20221005114040.0 | ||
| 006 | a|||||r|||| 00| 0 | ||
| 007 | ta | ||
| 008 | 221004b |||||||| |||| 00| 0 mal d | ||
| 024 | _a55863 | ||
| 037 | _cTextual | ||
| 040 |
_aCRL _cCRL _bmal |
||
| 041 |
_2mal _amal |
||
| 082 | _aO32,2NSA1x, K3 | ||
| 100 |
_aPillai G.Sankara _9625373 |
||
| 245 | 0 | _aAmmsvsn sslu veerana | |
| 260 | _c1963 | ||
| 650 |
_aMALAYALAM DRAMA _9207189 |
||
| 942 |
_hO32,2NSA1x, K3 _cTEXL _2cc |
||
| 999 |
_c1030095 _d1030095 |
||